Nouvelles ECE news
Enregistré dans:
| Format: | Publication en série |
|---|---|
| Langue: | français |
| Publié: |
Genéve
Nations Unies
|
| Tags: |
Pas de tags, Soyez le premier à ajouter un tag!
|
MARC
| LEADER | 00000nas1a2200000$$$4500 | ||
|---|---|---|---|
| 001 | 0015606 | ||
| 005 | 20250730114821.0 | ||
| 041 | 0 | |a fre | |
| 044 | |a CH | ||
| 245 | 1 | 0 | |a Nouvelles |b ECE news |
| 264 | 1 | |a Genéve |b Nations Unies | |